[Event "EU-chT (Women) 19th"]
[Site "Warsaw"]
[Date "2013.11.16"]
[Round "8.14"]
[White "Kaps, Darja"]
[Black "Heinatz, Gundula"]
[Result "1-0"]
[WhiteElo "2221"]
[BlackElo "2169"]
[PlyCount "87"]
[EventDate "2013.11.08"]
[EventType "team-swiss"]
[EventRounds "9"]
[EventCountry "POL"]
[SourceTitle "EXT 2014"]
[Source "ChessBase"]
[SourceDate "2013.11.20"]
[SourceVersion "1"]
[SourceVersionDate "2013.11.20"]
[SourceQuality "1"]
[WhiteTeam "Slovenia (W)"]
[BlackTeam "Switzerland (W)"]
[WhiteTeamCountry "SLO"]
[BlackTeamCountry "SUI"]

1. c4 e5 2. g3 Nc6 3. Bg2 Nf6 4. Nc3 Bb4 5. Nd5 a5 6. e3 0-0 7. Ne2 Re8 8. 0-0 Nxd5 9. cxd5 Ne7 10. d4 Ng6 11. a3 Bf8 12. e4 b6 13. Be3 Ba6 14. Re1 d6 15. Qc2 Qd7 16. h3 Be7 17. Rac1 Rac8 18. Red1 Rf8 19. h4 Qg4 20. f3 Qh5 21. Bf2 Rce8 22. dxe5 dxe5 23. Qd2 Bxe2 24. Qxe2 Bd6 25. Bh3 Ne7 26. Bg4 Qg6 27. h5 Qf6 28. Be3 g6 29. Qd2 gxh5 30. Bxh5 Kh8 31. Kg2 Rg8 32. Rh1 Ng6 33. Bg4 Qe7 34. Rxh7+ Kxh7 35. Rh1+ Nh4+ 36. Rxh4+ Qxh4 37. gxh4 f5 38. exf5 e4 39. f6 Rg6 40. Bg5 e3 41. Bxe3 Rxf6 42. Qd3+ Kg7 43. Bg5 Rff8 44. Bh5 1-0